000 00344 a2200109 4500
001 ART_45816
005 20260410161721.0
008 260409a
245 1 0 _aModelo de análisis económico para el negocio ovino
100 1 _aKuster, Christian
773 0 _tContabilidad y auditoría
_g- Año 23, Nº 45 (jun. 2017)
_wREV1723
999 _c16996
_d16996